000 00958nas a2200313 4500
001 BR2010003132
003 BR-BrBNA
005 20231205114104.0
007 ta
008 230509b bl.|||p| |||| 00| 00por d
040 _aBR-BrBNA
_bpor
_cBiblioteca Nacional de Agricultura
041 _a(Pt)
072 _aL51
100 1 _aKozloski, G.V.
100 1 _aMesquita, F.R.
100 1 _aAlves, T.P.
100 1 _aCastagnino, D. de S.
100 1 _aStefanello, C.M.
100 1 _aSanchez, L.M.B.
245 1 _aAvaliação do uso de frações indigestíveis do alimento como indicadores internos de digestibilidade em ovinos
650 _aOVINO
650 _aDIGESTIBILIDADE
650 _aFORRAGEM
650 _aMATÉRIA SECA
650 _aCONSUMO
773 0 _tRevista Brasileira de Zootecnia (Brazil)
_xISSN 1516-3598
_g(Sep 2009), v. 38(9) p. 1819-1823
_wBR2010003132
909 _a202311
_bLúcia
_c55
_dLúcia Elande
942 _2AGRIS
_n0
_cANA
999 _c207029
_d207029